000 00881nam a2200277Ia 4500
001 Para_6652
003 CHAP
008 220125s1985 xx 000 0 und d
010 _a205499
040 _cCHAP
090 _aPA FOLLETO 649
111 _aPresentación de trabajos de investigación agrícola en el campo experimental (2:1985:Chapingo, Méx.)
_9171528
245 _aResúmenes /
_c por UACh. Departamento de Campo Experimental
260 _aChapingo, Méx. :
_b El Departamento
300 _a38 p.
650 _aAgricultura
_x experimentación
_91476
650 _aAgricultura
_x investigación
_91577
710 _aUACh. Departamento de Campo Experimental
_9115860
901 _aPA FOLLETO 649
902 _aA
905 _a0000001985 0000000000 00
910 _a1985
942 _cPARA
942 _cPARA
_d1
999 _c205499
_d205499